000 00491nam a2200169 i 4500
001 86137
003 ES-MaACL
005 20230906175400.0
007 t|
008 041207s1968 sp ||||1| spa d
100 1 _aKapreler, Ernest.
_967539
245 1 0 _a¿Escolares tontos? /
_cErnest Kapreler ; traducción del alemán por traducciones Diorki.
260 _aMadrid :
_bStudium,
_c[1968]
300 _a92 p. ;
_c18 cm.
710 2 _aDiorki.
_93392
852 _aES-MaACL
_jC-37190
_bR.66967
999 _c86137
_d86137